[Event "DVM U12 2011"]
[Site "Arendsee (Altmark) GER"]
[Date "2011.12.28"]
[Round "4"]
[White "Rosenfeld, David"]
[Black "Toptschiev, David"]
[Result "0-1"]
[Termination "normal"]
[Board "2.4"]
[WhiteElo "1122"]
[BlackElo "1215"]
[WhiteTeam "USV TU Dresden"]
[BlackTeam "SF Sasbach"]
[WhiteFideId "12975079"]
[BlackFideId "12968005"]
[EventCountry "GER"]
[EventRounds "7"]
[EventType "team-swiss"]
[EventDate "2011.12.26"]

1. e4 e5 2. Nf3 Nc6 3. d4 exd4 4. Nxd4 Nxd4 5. Qxd4 Nf6 6. Nc3 d6 7. Bc4 Be6 8.
O-O Ng4 9. h3 Ne5 10. Be2 g6 11. Be3 Bg7 12. Qd2 a6 13. b3 Nc6 14. Rad1 O-O 15.
Bh6 Re8 16. Bxg7 Kxg7 17. Rfe1 Qd7 18. Bf3 Rab8 19. e5 Red8 20. exd6 cxd6 21.
Ne4 d5 22. Nc5 Qd6 23. Nxe6+ fxe6 24. c3 Rd7 25. Bg4 Re8 26. Qb2 Kf8 27. Re3 h5
28. Be2 Ree7 29. Red3 Rf7 30. b4 b5 31. Qc2 Rf5 32. Rf3 Rxf3 33. Bxf3 Ne7 34.
g4 Qf4 35. Kg2 hxg4 36. hxg4 e5 37. a3 Ke8 38. Be2 e4 39. Rh1 d4 40. cxd4 Rxd4
41. f3 exf3+ 42. Kf2 fxe2+ 43. Kxe2 Re4+ 44. Kd1 Qf3+ 45. Kc1 Qxh1+ 46. Kb2 Qf3
47. Ka2 Re2 48. Qxe2 Qxe2+ 0-1

[Event "DVM U12 2011"]
[Site "Arendsee (Altmark) GER"]
[Date "2011.12.28"]
[Round "4"]
[White "Böhning, Kilian"]
[Black "Schröter, Ron"]
[Result "1-0"]
[Termination "normal"]
[Board "3.1"]
[WhiteElo "1738"]
[BlackElo "1491"]
[WhiteTeam "Hagener SV"]
[BlackTeam "SG Porz"]
[WhiteFideId "1270499"]
[BlackFideId "12941727"]
[EventCountry "GER"]
[EventRounds "7"]
[EventType "team-swiss"]
[EventDate "2011.12.26"]

1. e4 e5 2. Bc4 Bc5 3. d3 Nf6 4. Nc3 d6 5. f4 O-O 6. Nf3 Nc6 7. Na4 Bd4 8. c3
Bb6 9. Nxb6 axb6 10. O-O Bg4 11. h3 Be6 12. Bxe6 fxe6 13. fxe5 Nxe5 14. Nxe5
dxe5 15. Qe2 Qe8 16. g4 Qg6 17. Kh2 Rf7 18. Be3 Raf8 19. Rg1 h5 20. gxh5 Qxh5
21. Qxh5 Nxh5 22. Rg5 Nf4 23. Bxf4 exf4 24. Kg2 Rd7 25. Rd1 Ra8 26. a3 Rad8 27.
d4 Rf8 28. Kf3 Kh7 29. Rg4 e5 30. d5 Kh6 31. Rdg1 Rf6 32. Rh4# 1-0

[Event "DVM U12 2011"]
[Site "Arendsee (Altmark) GER"]
[Date "2011.12.28"]
[Round "4"]
[White "Ramien, David"]
[Black "Balazs, Balint"]
[Result "1-0"]
[Termination "normal"]
[Board "3.2"]
[WhiteElo "1450"]
[BlackElo "1670"]
[WhiteTeam "SG Porz"]
[BlackTeam "Hagener SV"]
[WhiteFideId "12948241"]
[BlackFideId "12922757"]
[EventCountry "GER"]
[EventRounds "7"]
[EventType "team-swiss"]
[EventDate "2011.12.26"]

1. e4 e6 2. Nc3 d5 3. Nf3 c5 4. exd5 exd5 5. d4 Be6 6. Bf4 Nc6 7. Bb5 a6 8. Be2
Nf6 9. O-O Be7 10. Re1 O-O 11. Bf1 Re8 12. g3 Bg4 13. dxc5 Bxc5 14. Rxe8+ Nxe8
15. Nxd5 Nd4 16. Bg2 Qxd5 17. Nxd4 Qxd4 18. Qxg4 Qxf2+ 19. Kh1 Nf6 20. Qf3 Qxc2
21. Rc1 Qxb2 22. Rxc5 Re8 23. h3 h6 24. Qxb7 Qa1+ 25. Rc1 Re1+ 26. Rxe1 Qxe1+
27. Kh2 Nh5 28. Qc8+ Kh7 29. Qf5+ g6 30. Qxf7+ Ng7 31. Qd5 a5 32. Qd2 Qe6 33.
Qxa5 Nh5 34. Qc7+ Kg8 35. Qd8+ Kh7 36. Qd5 Nxf4 37. gxf4 Qf6 38. Qd7+ Kh8 39.
Qe8+ Kh7 40. Qe5 Qh4 41. a4 Qf2 42. a5 g5 43. fxg5 hxg5 44. a6 g4 45. Qh5+ Kg7
46. Qxg4+ Kh8 47. Qc8+ Kg7 48. Qc7+ Kh6 49. a7 Qf5 50. a8=R Qf6 51. Ra7 Qg6 52.
Qf4+ Qg5 53. Rh7+ Kxh7 54. Qxg5 1-0

[Event "DVM U12 2011"]
[Site "Arendsee (Altmark) GER"]
[Date "2011.12.28"]
[Round "4"]
[White "Suvorov, Luca"]
[Black "Hoppe, Andreas"]
[Result "0-1"]
[Termination "normal"]
[Board "3.4"]
[WhiteElo "1098"]
[BlackElo "1411"]
[WhiteTeam "SG Porz"]
[BlackTeam "Hagener SV"]
[WhiteFideId "12977071"]
[BlackFideId "12922811"]
[EventCountry "GER"]
[EventRounds "7"]
[EventType "team-swiss"]
[EventDate "2011.12.26"]

1. e4 e6 2. d4 d5 3. e5 c5 4. c3 Qb6 5. Nf3 Bd7 6. Be2 Bb5 7. O-O Bxe2 8. Qxe2
Ne7 9. Be3 Ng6 10. dxc5 Bxc5 11. Bxc5 Qxc5 12. Nbd2 Qc7 13. Nb3 Nc6 14. Rfe1
O-O 15. Nbd4 Nxd4 16. cxd4 Rac8 17. Qd2 Qb6 18. Re3 Rc6 19. Rb3 Qc7 20. Rc3
Rxc3 21. Qxc3 Qxc3 22. bxc3 Rc8 23. Rc1 Nf4 24. Kf1 Nd3 25. Rc2 Nb4 26. Rb2 Nc6
27. Rxb7 Kf8 28. Ng5 Nd8 29. Rxa7 h6 30. Nf3 Rxc3 31. Ke2 Nc6 32. Ra8+ Ke7 33.
Kd2 Rc4 34. a4 g5 35. g4 Nxd4 36. Nxd4 Rxd4+ 37. Kc3 Rxg4 38. Kb3 Rc4 39. a5
Kd7 40. a6 Rc8 41. Ra7+ Rc7 42. Ra8 Kc6 43. Rh8 Kb6 44. Rxh6 d4 45. Rh3 Rc5 46.
Kb4 Rxe5 47. Ra3 Ka7 48. Kc4 Rd5 49. Rd3 Kxa6 50. Rxd4 Rf5 0-1

[Event "DVM U12 2011"]
[Site "Arendsee (Altmark) GER"]
[Date "2011.12.28"]
[Round "4"]
[White "Renger, Niklas"]
[Black "Dürr, Florian"]
[Result "0-1"]
[Termination "normal"]
[Board "4.1"]
[WhiteElo "1499"]
[BlackElo "1853"]
[WhiteTeam "SG GW Dresden"]
[BlackTeam "SC Erlangen"]
[WhiteFideId "12908096"]
[BlackFideId "24659134"]
[EventCountry "GER"]
[EventRounds "7"]
[EventType "team-swiss"]
[EventDate "2011.12.26"]

1. e4 e6 2. d4 d5 3. Nd2 Nf6 4. e5 Nfd7 5. Bd3 c5 6. c3 Nc6 7. Ne2 Be7 8. O-O
O-O 9. Nf3 c4 10. Bc2 b5 11. b3 Nb6 12. Bf4 a5 13. a3 Bd7 14. b4 Qc7 15. Qd2
Ra6 16. Rfb1 Rfa8 17. Qd1 Qa7 18. Bg5 Bxg5 19. Nxg5 h6 20. Nh7 axb4 21. Ng3 b3
22. Nf6+ Kf8 23. Bh7 Ke7 24. Qf3 Kd8 25. Nxd7 Qxd7 26. Nh5 Kc7 27. Re1 Rh8 28.
Bb1 g6 29. Nf6 Qe7 30. Ng4 h5 31. Ne3 Rha8 0-1

[Event "DVM U12 2011"]
[Site "Arendsee (Altmark) GER"]
[Date "2011.12.28"]
[Round "4"]
[White "Tong, Kevin"]
[Black "Sack, Carl-Anton"]
[Result "1-0"]
[Termination "normal"]
[Board "4.2"]
[WhiteElo "1512"]
[BlackElo "1487"]
[WhiteTeam "SC Erlangen"]
[BlackTeam "SG GW Dresden"]
[WhiteFideId "12913944"]
[BlackFideId "1270309"]
[EventCountry "GER"]
[EventRounds "7"]
[EventType "team-swiss"]
[EventDate "2011.12.26"]

1. e4 c5 2. Nf3 d6 3. d4 cxd4 4. Nxd4 Nf6 5. Nc3 a6 6. Bc4 e6 7. Bb3 b5 8. Bg5
Be7 9. Qf3 Qc7 10. O-O Nbd7 11. Rad1 Nc5 12. Rfe1 Bb7 13. a3 Nxb3 14. Nxb3 O-O
15. Qg3 Nh5 16. Qg4 Bxg5 17. Qxg5 Nf6 18. Qg3 Rfd8 19. Kh1 Qe7 20. f3 d5 21. e5
Nd7 22. f4 Nc5 23. Nd4 Qd7 24. Rf1 Re8 25. f5 exf5 26. Nxf5 Ne6 27. Nh6+ Kf8
28. Rxf7+ Qxf7 29. Nxf7 Kxf7 30. Nxd5 Bxd5 31. Rxd5 Rac8 32. c3 Red8 33. Rxd8
Rxd8 34. h3 Kg8 35. Qe3 Rd7 36. Qb6 Nc7 37. e6 Re7 38. Qb8+ Ne8 39. Qc8 h6 40.
Qxa6 Nc7 41. Qc8+ Kh7 42. Qd8 Rxe6 43. Qxc7 1-0

[Event "DVM U12 2011"]
[Site "Arendsee (Altmark) GER"]
[Date "2011.12.28"]
[Round "4"]
[White "Tschammer, Kai"]
[Black "Schuler, Max"]
[Result "1-0"]
[Termination "normal"]
[Board "4.4"]
[WhiteElo "946"]
[BlackElo "1212"]
[WhiteTeam "SC Erlangen"]
[BlackTeam "SG GW Dresden"]
[WhiteFideId "12939099"]
[BlackFideId "12964913"]
[EventCountry "GER"]
[EventRounds "7"]
[EventType "team-swiss"]
[EventDate "2011.12.26"]

1. e4 c5 2. Nc3 Nc6 3. Bc4 g6 4. f4 Bg7 5. Nf3 e6 6. Bb3 Nge7 7. O-O O-O 8. d3
d6 9. Kh1 Bd7 10. Bd2 Rb8 11. a4 a6 12. Qe2 Nd4 13. Nxd4 Bxd4 14. Qe1 Nc6 15.
Qg3 Qe7 16. f5 Be5 17. Bf4 Bxf4 18. Rxf4 Kh8 19. f6 Qd8 20. Qg5 Rg8 21. Rh4 Qf8
22. Rh3 e5 23. g4 Nd4 24. Qh4 Rg7 25. fxg7+ Qxg7 26. Nd5 g5 27. Qh5 h6 28.
Qxh6+ Qxh6 29. Rxh6+ Kg7 30. Rxd6 Bxg4 31. Kg2 Rh8 32. Kg3 f5 33. Rd7+ Kg6 34.
exf5+ Bxf5 35. Ne7+ Kf6 36. Nxf5 Nxf5+ 37. Kg2 Ne3+ 38. Kf3 Rh3+ 39. Ke4 Ng4
40. Rf1+ Kg6 41. Bf7+ Kh6 42. Be6 Rh4 43. Bxg4 Rxg4+ 44. Kf5 Rxa4 45. Rf3 Rh4
46. h3 b5 47. Kf6 e4 48. Rd8 Kh7 49. dxe4 Rxe4 50. Kxg5 Kg7 51. Rd7+ Kg8 52.
Kf6 Re8 53. Rg3+ Kh8 54. Kf7 Re5 55. Rd8+ Kh7 56. Rg7+ Kh6 57. Rh8# 1-0

[Event "DVM U12 2011"]
[Site "Arendsee (Altmark) GER"]
[Date "2011.12.28"]
[Round "4"]
[White "Surguchov, Alexander"]
[Black "Pysmennyy, Illya"]
[Result "1-0"]
[Termination "normal"]
[Board "5.1"]
[WhiteElo "1602"]
[BlackElo "1368"]
[WhiteTeam "Verein f.S.u.F. Düsseldorf"]
[BlackTeam "PSC Hannover"]
[WhiteFideId "1272035"]
[EventCountry "GER"]
[EventRounds "7"]
[EventType "team-swiss"]
[EventDate "2011.12.26"]

1. e4 e5 2. Nc3 Nf6 3. f4 exf4 4. e5 Ng8 5. Nf3 d5 6. d4 Bg4 7. Bxf4 Bb4 8. a3
Bxc3+ 9. bxc3 Ne7 10. Bd3 Nd7 11. O-O f5 12. Qe1 h6 13. Rb1 g5 14. Bd2 b6 15.
e6 Nf6 16. Ne5 Rh7 17. Nxg4 Nxg4 18. Bxf5 Nxf5 19. Rxf5 Qd6 20. g3 Qe7 21. Qe2
Nf6 22. Rbf1 Ne4 23. Rxd5 Nd6 24. Qh5+ Kd8 25. Qf3 1-0

[Event "DVM U12 2011"]
[Site "Arendsee (Altmark) GER"]
[Date "2011.12.28"]
[Round "4"]
[White "Gisy, Gianna"]
[Black "Berezhnoy, Alex"]
[Result "0-1"]
[Termination "normal"]
[Board "5.2"]
[WhiteElo "1329"]
[BlackElo "1472"]
[WhiteTeam "PSC Hannover"]
[BlackTeam "Verein f.S.u.F. Düsseldorf"]
[BlackFideId "12918997"]
[EventCountry "GER"]
[EventRounds "7"]
[EventType "team-swiss"]
[EventDate "2011.12.26"]

1. e4 e5 2. Nf3 Nf6 3. Nc3 Bb4 4. Be2 O-O 5. d3 Nc6 6. O-O Bxc3 7. bxc3 d5 8.
Bg5 dxe4 9. Bxf6 Qxf6 10. dxe4 Be6 11. Nd2 Rad8 12. Qc1 Qg5 13. Nb3 Qxc1 14.
Raxc1 b6 15. Bb5 Ne7 16. Rcd1 c6 17. Be2 a5 18. Bd3 Rd7 19. Ra1 Rfd8 20. Rfb1
a4 21. Nd2 b5 22. a3 Ng6 23. g3 Nf8 24. c4 bxc4 25. Nxc4 Bxc4 26. Bxc4 Rd4 27.
Bd3 c5 28. f3 c4 29. Bf1 Rd2 30. Rc1 c3 31. Rab1 Ne6 32. Rb5 Nd4 33. Kh1 Nxb5
34. Bxb5 Rd1+ 35. Rxd1 Rxd1+ 36. Kg2 Rd2+ 37. Kf1 Rxc2 38. Ke1 Rxh2 39. Kd1 Ra2
40. Bxa4 Rxa3 41. Bb5 c2+ 42. Kxc2 Rxf3 0-1

[Event "DVM U12 2011"]
[Site "Arendsee (Altmark) GER"]
[Date "2011.12.28"]
[Round "4"]
[White "Schmitz, Fabian"]
[Black "Gisy, Gemma"]
[Result "1-0"]
[Termination "normal"]
[Board "5.3"]
[WhiteElo "1287"]
[BlackElo "1062"]
[WhiteTeam "Verein f.S.u.F. Düsseldorf"]
[BlackTeam "PSC Hannover"]
[WhiteFideId "12965006"]
[EventCountry "GER"]
[EventRounds "7"]
[EventType "team-swiss"]
[EventDate "2011.12.26"]

1. e4 e5 2. Nf3 Nc6 3. Bb5 d6 4. d4 Bd7 5. O-O Qe7 6. Nc3 O-O-O 7. d5 Nb8 8.
Qd3 g6 9. Bxd7+ Qxd7 10. Nb5 c6 11. Nxa7+ Kc7 12. dxc6 Nxc6 13. Qc3 Bg7 14. Be3
Ra8 15. Rad1 Bf8 16. Nxe5 Qe8 17. Nexc6 bxc6 18. Qxh8 Bh6 19. Bxh6 Nxh6 20.
Qxh7 Ng8 21. Nxc6 Kxc6 22. a3 Ra5 23. Qh3 Qe6 24. Qxe6 fxe6 25. Rd3 Ne7 26.
Rfd1 d5 27. exd5+ exd5 28. b4 Ra7 29. g3 1-0

[Event "DVM U12 2011"]
[Site "Arendsee (Altmark) GER"]
[Date "2011.12.28"]
[Round "4"]
[White "Phunhon Lopez, Daniel Alejandro"]
[Black "Gula, Julian"]
[Result "1-0"]
[Termination "normal"]
[Board "5.4"]
[WhiteElo "1083"]
[BlackElo "899"]
[WhiteTeam "PSC Hannover"]
[BlackTeam "Verein f.S.u.F. Düsseldorf"]
[WhiteFideId "12952567"]
[BlackFideId "12954799"]
[EventCountry "GER"]
[EventRounds "7"]
[EventType "team-swiss"]
[EventDate "2011.12.26"]

1. e4 d6 2. Bc4 Nf6 3. Nc3 g6 4. Nf3 Bg7 5. d4 Nbd7 6. h3 O-O 7. Be3 e5 8. dxe5
Nxe5 9. Nxe5 dxe5 10. O-O Qe7 11. Qe2 Rd8 12. Rad1 Be6 13. f4 exf4 14. Bxf4
Qc5+ 15. Be3 Qxc4 16. Qf3 Rxd1 17. Rxd1 c6 18. Rd4 Qa6 19. Ra4 Qxa4 20. Nxa4
Bxa2 21. b3 Bb1 22. Qd1 Ba2 23. Nc3 Bxb3 24. cxb3 a6 25. Bg5 Ne8 26. Qd2 b5 27.
Kh1 f6 28. Be3 Rb8 29. Qd7 1-0

[Event "DVM U12 2011"]
[Site "Arendsee (Altmark) GER"]
[Date "2011.12.28"]
[Round "4"]
[White "Buckels, Valentin"]
[Black "von Angern, Cedric"]
[Result "1-0"]
[Termination "normal"]
[Board "6.1"]
[WhiteElo "1685"]
[BlackElo "1450"]
[WhiteTeam "SK Turm Kleve"]
[BlackTeam "AE Magdeburg"]
[WhiteFideId "12942766"]
[BlackFideId "12921106"]
[EventCountry "GER"]
[EventRounds "7"]
[EventType "team-swiss"]
[EventDate "2011.12.26"]

1. d4 d5 2. c4 c6 3. Nf3 Nf6 4. e3 e6 5. Bd3 Nbd7 6. Nbd2 Be7 7. O-O O-O 8. b3
dxc4 9. Nxc4 b5 10. Nce5 Bb7 11. Qc2 Rc8 12. Qb1 h6 13. Bb2 a6 14. Nxd7 Nxd7
15. a4 Nb6 16. Rc1 Nd5 17. Ne5 Bd6 18. Rd1 Qe7 19. Be4 Rfd8 20. Nd3 Kh8 21. Rc1
Kg8 22. Nc5 Ra8 23. Ba3 Qc7 24. g3 Kh8 25. Bxd5 exd5 26. Qf5 Kg8 27. Qc2 Rac8
28. Qd2 Kh8 29. Bb4 Qe7 30. Ba5 Rd7 31. Nxd7 Qxd7 32. Bb4 Bc7 33. Bc5 Kg8 34.
axb5 axb5 35. Ra2 Rb8 36. Ra7 Qd8 37. Rca1 Qd7 38. Bb4 Kh8 39. Ba5 Bd6 40. Rc1
Kg8 41. Qe2 Qe8 42. Qc2 Be7 43. Bc7 Qc8 44. Bxb8 Qxb8 45. Rxb7 Qxb7 46. Qxc6
Qxc6 47. Rxc6 b4 48. Rc8+ Bf8 49. Rd8 f6 50. Rxd5 Kf7 51. Kg2 Ke6 52. Ra5 f5
53. Kf3 g5 54. e4 g4+ 55. Ke3 fxe4 56. Kxe4 Bd6 57. Ra6 Kd7 58. Kf5 1-0

[Event "DVM U12 2011"]
[Site "Arendsee (Altmark) GER"]
[Date "2011.12.28"]
[Round "4"]
[White "Rößler, Linus Benedict"]
[Black "Richter, Fabian"]
[Result "1/2-1/2"]
[Termination "normal"]
[Board "6.2"]
[WhiteElo "1558"]
[BlackElo "1063"]
[WhiteTeam "AE Magdeburg"]
[BlackTeam "SK Turm Kleve"]
[WhiteFideId "12921076"]
[EventCountry "GER"]
[EventRounds "7"]
[EventType "team-swiss"]
[EventDate "2011.12.26"]

1. e4 e5 2. Nf3 Nc6 3. Bc4 Bc5 4. c3 Nf6 5. d3 d6 6. Nbd2 O-O 7. O-O Bg4 8. h3
Bd7 9. Bb3 Be6 10. Bc2 Nd7 11. Re1 Qf6 12. Qe2 Qg6 13. Kh2 Qf6 14. Nf1 Rfe8 15.
Ng3 h6 16. Be3 Bb6 17. Bxb6 Nxb6 18. Rad1 Rad8 19. a3 d5 20. Kg1 Qe7 21. a4
dxe4 22. Nxe4 Bd5 23. Ng3 Qf6 24. Nd2 Qg6 25. Nf3 Qf6 1/2-1/2

[Event "DVM U12 2011"]
[Site "Arendsee (Altmark) GER"]
[Date "2011.12.28"]
[Round "4"]
[White "Verfürth, Kevin"]
[Black "Wagner, Tobias"]
[Result "1/2-1/2"]
[Termination "normal"]
[Board "6.3"]
[WhiteElo "1086"]
[BlackElo "1304"]
[WhiteTeam "SK Turm Kleve"]
[BlackTeam "AE Magdeburg"]
[WhiteFideId "12954829"]
[BlackFideId "12943452"]
[EventCountry "GER"]
[EventRounds "7"]
[EventType "team-swiss"]
[EventDate "2011.12.26"]

1. c4 e5 2. Nc3 Nf6 3. e4 Nc6 4. g3 Bc5 5. Bg2 d6 6. Nge2 Bg4 7. O-O Qd7 8. d3
Nd4 9. a3 Bh3 10. Bg5 h6 11. Bxf6 gxf6 12. Nxd4 Bxd4 13. Nd5 1/2-1/2

[Event "DVM U12 2011"]
[Site "Arendsee (Altmark) GER"]
[Date "2011.12.28"]
[Round "4"]
[White "Wolff, Marti"]
[Black "Melde, Benjamin"]
[Result "1-0"]
[Termination "normal"]
[Board "6.4"]
[WhiteElo "1173"]
[BlackElo "908"]
[WhiteTeam "AE Magdeburg"]
[BlackTeam "SK Turm Kleve"]
[WhiteFideId "12943487"]
[BlackFideId "12958816"]
[EventCountry "GER"]
[EventRounds "7"]
[EventType "team-swiss"]
[EventDate "2011.12.26"]

1. e4 e5 2. Nf3 Nc6 3. d4 exd4 4. Nxd4 Nxd4 5. Qxd4 d6 6. Nc3 c5 7. Qa4+ Bd7 8.
Bb5 Nf6 9. Bg5 Bxb5 10. Qxb5+ Qd7 11. Bxf6 Qxb5 12. Nxb5 gxf6 13. Nc7+ Kd7 14.
Nxa8 Be7 15. Nb6+ axb6 16. f4 Kc6 17. Kd2 Rg8 18. g3 b5 19. a4 b4 20. Rhd1 d5
21. exd5+ Kxd5 22. Ke3+ Kc6 23. c3 bxc3 24. bxc3 f5 25. c4 Re8 26. Re1 Bf6+ 27.
Kf3 Rd8 28. Rad1 Ra8 29. Rd5 Rxa4 30. Rxf5 Ra3+ 31. Re3 Rxe3+ 32. Kxe3 Bd4+ 33.
Kd3 f6 34. Rh5 b5 35. cxb5+ Kxb5 36. Rxh7 Kb4 37. Rb7+ Ka3 38. Kc4 Ka2 39. h4
Bf2 40. h5 f5 41. Rd7 Bxg3 42. h6 Bxf4 43. h7 Be5 44. Rd5 Bg7 45. Rxf5 Kb1 46.
Rg5 Bf6 47. Rg8 Kc2 48. h8=Q Bxh8 49. Rxh8 Kd2 50. Rh3 Ke2 51. Kxc5 Kf2 52. Kd4
Kg2 53. Re3 Kf2 54. Ke4 Kf1 55. Kf3 Kg1 56. Kg3 Kf1 57. Re4 Kg1 58. Re1# 1-0

[Event "DVM U12 2011"]
[Site "Arendsee (Altmark) GER"]
[Date "2011.12.28"]
[Round "4"]
[White "Fesenmeier, Lukas"]
[Black "Kania, Markus"]
[Result "0-1"]
[Termination "normal"]
[Board "7.1"]
[WhiteElo "1462"]
[BlackElo "1646"]
[WhiteTeam "SK Endingen"]
[BlackTeam "MTV 1876 Saalfeld"]
[BlackFideId "12903736"]
[EventCountry "GER"]
[EventRounds "7"]
[EventType "team-swiss"]
[EventDate "2011.12.26"]

1. d4 Nf6 2. Nf3 g6 3. e3 Bg7 4. c4 O-O 5. Nc3 d5 6. Be2 c6 7. O-O Nbd7 8. Bd2
a6 9. Qc2 b5 10. c5 a5 11. a3 Qc7 12. Rfb1 e5 13. dxe5 Nxe5 14. Nxe5 Qxe5 15.
b4 Ng4 16. Bxg4 Bxg4 17. h3 Bf5 18. e4 dxe4 19. Qb3 e3 20. Re1 exf2+ 21. Kxf2
Qd4+ 22. Ke2 Rfe8+ 23. Kf1 Qxd2 24. Rec1 Bd3+ 25. Kg1 Bc4 26. Qb1 Bxc3 0-1

[Event "DVM U12 2011"]
[Site "Arendsee (Altmark) GER"]
[Date "2011.12.28"]
[Round "4"]
[White "Quandt, Franz Edmund"]
[Black "Bleyer, Kalle"]
[Result "0-1"]
[Termination "normal"]
[Board "7.2"]
[WhiteElo "1095"]
[BlackElo "1350"]
[WhiteTeam "MTV 1876 Saalfeld"]
[BlackTeam "SK Endingen"]
[BlackFideId "1270775"]
[EventCountry "GER"]
[EventRounds "7"]
[EventType "team-swiss"]
[EventDate "2011.12.26"]

1. d4 d5 2. e3 Nf6 3. Bd3 Nc6 4. f4 Nb4 5. Nf3 Nxd3+ 6. Qxd3 g6 7. Qd1 Bg7 8.
c3 Bf5 9. Nbd2 Ne4 10. O-O O-O 11. Qe2 Bg4 12. h3 Ng3 13. Qf2 Nxf1 14. hxg4
Nxd2 15. Bxd2 Qd7 16. g5 Qb5 17. b4 a5 18. a4 Qe8 19. b5 f6 20. Ra3 c6 21. bxc6
bxc6 22. g3 Rb8 23. Kg2 Rb2 24. gxf6 exf6 25. Ne1 Qe7 26. Nd3 Qxa3 27. Nxb2
Qxb2 28. Qe1 Re8 29. Kf3 Qc2 30. Kf2 Qxa4 31. Qb1 Qb5 32. Qc2 a4 33. Qa2 Qb3
34. Qa1 Qc2 35. Ke2 a3 36. Qxa3 Qe4 37. Qc1 Qg2+ 38. Kd3 Qxg3 39. c4 Qf3 40.
cxd5 cxd5 41. Qc5 Qf1+ 42. Kc3 Qc4+ 43. Qxc4 dxc4 44. Kxc4 h5 45. Kd3 f5 46.
Be1 Bh6 47. Bh4 Kf7 48. Ke2 Bxf4 49. Kf3 Bxe3 0-1

[Event "DVM U12 2011"]
[Site "Arendsee (Altmark) GER"]
[Date "2011.12.28"]
[Round "4"]
[White "Galli, Elias"]
[Black "Dührkop, Jasmin"]
[Result "1/2-1/2"]
[Termination "normal"]
[Board "7.3"]
[WhiteElo "1229"]
[BlackElo "1135"]
[WhiteTeam "SK Endingen"]
[BlackTeam "MTV 1876 Saalfeld"]
[WhiteFideId "1270780"]
[BlackFideId "16270509"]
[EventCountry "GER"]
[EventRounds "7"]
[EventType "team-swiss"]
[EventDate "2011.12.26"]

1. e4 e5 2. Nf3 Nc6 3. Bb5 Nf6 4. Nc3 Bb4 5. a3 Bxc3 6. dxc3 Nxe4 7. Bxc6 bxc6
8. Qe2 d5 9. Nxe5 Bd7 10. f3 Qe7 11. Nxd7 Qxd7 12. fxe4 O-O 13. O-O Rfe8 14.
Qf2 dxe4 15. Qf5 Qxf5 16. Rxf5 e3 17. Rf1 Re6 18. Re1 Rae8 19. Re2 f5 20. b3 f4
21. Bb2 Rf8 22. Rf1 h6 23. Bc1 g5 24. g3 Ref6 25. Bxe3 fxe3 26. Rxf6 Rxf6 27.
Rxe3 Kf7 28. Kg2 g4 29. Re4 h5 30. Rf4 Rxf4 31. gxf4 Kf6 32. Kg3 Kf5 33. c4 c5
34. c3 a5 35. b4 a4 36. Kh4 Kxf4 37. Kxh5 g3 38. hxg3+ Kxg3 39. Kg5 Kf3 40. Kf5
Ke3 41. Ke5 Kd3 42. Kd5 Kxc3 43. Kxc5 Kb3 44. Kd4 Kxa3 45. Kc3 Ka2 46. b5 a3
47. Kc2 Ka1 48. c5 a2 49. b6 c6 1/2-1/2

[Event "DVM U12 2011"]
[Site "Arendsee (Altmark) GER"]
[Date "2011.12.28"]
[Round "4"]
[White "Rauch, Marie-Louise"]
[Black "Fesenmeier, Karl"]
[Result "1-0"]
[Termination "normal"]
[Board "7.4"]
[WhiteElo "1029"]
[BlackElo "1213"]
[WhiteTeam "MTV 1876 Saalfeld"]
[BlackTeam "SK Endingen"]
[WhiteFideId "16217500"]
[EventCountry "GER"]
[EventRounds "7"]
[EventType "team-swiss"]
[EventDate "2011.12.26"]

1. e4 e5 2. Nf3 Nc6 3. Bc4 Bc5 4. d3 h6 5. O-O Nf6 6. h3 O-O 7. c3 Re8 8. b4
Be7 9. Be3 d5 10. exd5 Nxd5 11. Bd2 Nb6 12. Bb5 Bd7 13. Bxc6 Bxc6 14. Nxe5 Qd5
15. Nxc6 Qxc6 16. Re1 Rad8 17. Be3 Bf6 18. Bxb6 Qxb6 19. d4 a5 20. a3 Qb5 21.
Nd2 b6 22. Ne4 Qc6 23. Nxf6+ Qxf6 24. Rxe8+ Rxe8 25. Qd2 axb4 26. axb4 Rd8 27.
Qe3 Qc6 28. Re1 Qd7 29. Qe7 Qc8 30. Re3 Rf8 31. Rg3 Kh7 32. Rf3 f6 33. Rg3 Rg8
34. Qe4+ Kh8 35. Re3 Qa6 36. Re1 Qc4 37. Qc2 Rd8 38. Re3 c5 39. Qd3 Qd5 40. Re4
cxb4 41. cxb4 Rc8 42. f3 Qd6 43. d5 Rc6 44. Re8+ Qf8 45. Rxf8# 1-0

[Event "DVM U12 2011"]
[Site "Arendsee (Altmark) GER"]
[Date "2011.12.28"]
[Round "4"]
[White "Wiemann, Niklas"]
[Black "Tepper, Oliver"]
[Result "1-0"]
[Termination "normal"]
[Board "8.2"]
[WhiteElo "1355"]
[BlackElo "1098"]
[WhiteTeam "SK Doppelbauer Kiel"]
[BlackTeam "SC 1997 Lambsheim"]
[EventCountry "GER"]
[EventRounds "7"]
[EventType "team-swiss"]
[EventDate "2011.12.26"]

1. d4 d5 2. Nf3 Nc6 3. c4 e6 4. Nc3 Bb4 5. Qc2 Nf6 6. Bg5 dxc4 7. e3 O-O 8.
Bxc4 Qe7 9. Bd3 g6 10. e4 e5 11. dxe5 Nxe5 12. Nxe5 Qxe5 13. Bxf6 Qxf6 14. O-O
Bg4 15. Nd5 Qd6 16. Qxc7 Qxc7 17. Nxc7 Rac8 18. Nd5 Bc5 19. Nf6+ Kg7 20. Nxg4
Bd4 21. Rfd1 Rfd8 22. Rac1 Bxb2 23. Rxc8 Rxc8 24. Rb1 Rc1+ 25. Rxc1 Bxc1 26.
Bc4 Bb2 27. Bd5 b6 28. f3 Bd4+ 29. Kf1 f5 30. Nf2 Bxf2 31. Kxf2 Kf6 32. Ke3 Ke5
33. Bg8 h5 34. Bh7 Kf6 35. exf5 Kxf5 36. Kd4 Kf6 37. Bg8 Ke7 38. Kd5 Kd8 39.
Bf7 g5 40. Bxh5 Kc7 41. Bf7 Kb7 42. Ke5 Ka6 43. h4 gxh4 44. f4 Kb7 45. Ke6 Kc6
46. f5 Kc5 47. Ke5 Kc6 48. Be6 Kc7 49. f6 Kd8 50. Kd6 Ke8 51. f7+ Kf8 52. Kc7
b5 53. Kb7 a5 54. Kb6 a4 55. Kxb5 a3 56. Kb4 Ke7 57. Kxa3 Kf8 58. Kb4 Ke7 59.
a4 1-0

[Event "DVM U12 2011"]
[Site "Arendsee (Altmark) GER"]
[Date "2011.12.28"]
[Round "4"]
[White "Wacker, Felix"]
[Black "Karlisch, Moritz"]
[Result "0-1"]
[Termination "normal"]
[Board "8.3"]
[WhiteElo "1073"]
[BlackElo "1260"]
[WhiteTeam "SC 1997 Lambsheim"]
[BlackTeam "SK Doppelbauer Kiel"]
[WhiteFideId "12953040"]
[BlackFideId "12964859"]
[EventCountry "GER"]
[EventRounds "7"]
[EventType "team-swiss"]
[EventDate "2011.12.26"]

1. e4 c5 2. Nf3 d6 3. Nc3 Nc6 4. Bb5 Bd7 5. O-O Nf6 6. d3 e6 7. Bg5 Be7 8. Re1
O-O 9. Bxc6 Bxc6 10. e5 Nd5 11. Bxe7 Nxe7 12. exd6 Qxd6 13. Ne4 Bxe4 14. Rxe4
Rfd8 15. Qd2 b6 16. h3 Nd5 17. Rg4 Kh8 18. Qg5 Rg8 19. Qh5 Nf6 20. Ng5 Raf8 21.
Nxf7+ Rxf7 22. Qxf7 Nxg4 23. hxg4 Rf8 24. Qxa7 Qd4 25. Rf1 Qxb2 26. Qa4 Qe5 27.
Qb3 Qd6 28. f3 h6 29. Re1 Re8 30. Re4 Kg8 31. Qc4 Kf7 32. d4 Ke7 33. dxc5 Qxc5+
34. Qxc5+ bxc5 35. Re1 Ra8 36. Ra1 Ra3 37. Kf2 Rc3 38. Ke2 Rxc2+ 39. Kd3 Rxg2
40. a4 Rb2 41. Kc4 Kd6 42. a5 Kc6 43. a6 Rb4+ 44. Kc3 Rb8 45. a7 Ra8 46. Kc4
Kb6 47. Ra2 Rxa7 48. Rxa7 Kxa7 49. Kxc5 g6 50. Kd4 h5 51. Ke4 h4 52. Kf4 g5+
53. Ke3 Kb6 54. Kf2 e5 55. Kg2 Kc5 56. Kf2 Kc4 57. Kg2 Kd3 58. Kf2 Kd2 0-1